00694nas a2200229Ia 4500001001600000003001000016008004100026040002500067041001300092100001900105210001800124222001800142245004200160250001100202260000900213501012300222300001400345362003000359500004200389650002200431700001100453A03/R024-47913 IT-MiCISF161014c99999999xx |||||||||||| ||und|| aIT-MiCISFcIT-MiCISF aITALIANO aNovara Daniele aFamiglia oggi aFamiglia oggi 0aUn glossario dal conflitto al perdono a1a ed. c2010 bCISF - Centro Internazionale Studi Famiglia - Via Giotto, 36 20145 MILANO (non commercial uses only)cCopyright 2016 app. 45-57 an. 2, marzo-aprile [2010] a Tema: persona, conflitto, mediazione apersonavarticolo aAA.VV.